Sols et Environnements : Cours , exercices et études de cas (Record no. 46062)

MARC details
000 -LEADER
fixed length control field 00645nam a22002057a 4500
003 - CONTROL NUMBER IDENTIFIER
control field 0
005 - DATE AND TIME OF LATEST TRANSACTION
control field 20160609164936.0
008 - FIXED-LENGTH DATA ELEMENTS--GENERAL INFORMATION
fixed length control field 090427t xxu||||| |||| 00| 0 eng d
020 ## - NUMERO INTERNATIONAL NORMALISE DES LIVRES
International Standard Book Number 2-10-005520-8
037 ## - SOURCE OF ACQUISITION
Stock number 15044
040 ## - SOURCE DU CATALOGAGE
Language of cataloging Français
Transcribing agency EPAC
082 ## - DEWEY DECIMAL CLASSIFICATION NUMBER
Classification number 631.4/G518s
100 ## - VEDETTE PRINCIPALE - NOM DE PERSONNE
Personal name GIRARD , Michel-Claude
9 (RLIN) 345
245 ## - TITLE STATEMENT
Title Sols et Environnements : Cours , exercices et études de cas
260 ## - PUBLICATION, DISTRIBUTION, ETC. (IMPRINT)
Place of publication, distribution, etc Paris
Name of publisher, distributor, etc Dunod
Date of publication, distribution, etc 2005
300 ## - PHYSICAL DESCRIPTION
Extent XVI-816p
Dimensions 24cm
650 ## - SUBJECT ADDED ENTRY--TOPICAL TERM
Topical term or geographic name as entry element DEGRADATION POLLUTION RECYCLAGE ACIDIFICATION
9 (RLIN) 346
710 ## - ADDED ENTRY--CORPORATE NAME
Corporate name or jurisdiction name as entry element WALTER , Christian ; REMY , Jean-Claude ; BERTHELIN , Jacques ; MOREL , Jean-Louis
9 (RLIN) 347
942 ## - ADDED ENTRY ELEMENTS (KOHA)
Koha item type Livre
Holdings
Withdrawn status Lost status Damaged status Not for loan Location (home branch) Sublocation or collection (holding branch) Date acquired Source of acquisition Cost, normal purchase price Koha issues (times borrowed) Koha full call number Piece designation (barcode) Koha date last seen Copy number Price effective from Koha item type Public note
        Bibliothèque Ecole Polytechnique d'Abomey-Calavi Bibliothèque Ecole Polytechnique d'Abomey-Calavi 28/10/2008 Achat 23616.00   631.4/G518s 15045EPAC 27/04/2009 2 27/04/2009 Livre Exclu du prêt
        Bibliothèque Ecole Polytechnique d'Abomey-Calavi Bibliothèque Ecole Polytechnique d'Abomey-Calavi 28/10/2008 Achat 23616.00   631.4/G518s 15044EPAC 27/04/2009 2 27/04/2009 Livre Prêt à domicile
        Bibliothèque Ecole Polytechnique d'Abomey-Calavi Bibliothèque Ecole Polytechnique d'Abomey-Calavi 28/10/2008   23616.00   333.7/G518s 14966EPAC 04/05/2009 3 04/05/2009 Livre Exclu du prêt


© 2008, Bibliothèques de l'Université d'Abomey-Calavi

04 BP 789 Cotonou, Tél. : +229 21 36 01 01, Fax : +229 21 35 06 32

Courriel : bu@bu.uac.bj